Countries With The Most Military Troops A-Z - Statistics

General Stats
  • This quiz has been taken 78 times
  • The average score is 21 of 24
Answer Stats
Letter Troops Country % Correct
R 1,134,000 Russia
99%
C 2,035,000 China
97%
I 1,475,750 India
97%
U 1,315,600 United States
97%
Y 40,000 Yemen
97%
J 247,150 Japan
96%
Q 16,500 Qatar
96%
F 202,000 France
94%
G 179,850 Germany
94%
O 42,600 Oman
94%
Z 29,000 Zimbabwe
94%
B 374,500 Brazil
93%
N 1,280,000 North Korea
90%
V 450,000 Vietnam
90%
P 660,000 Pakistan
89%
S 500,000 South Korea
89%
H 32,150 Hungary
87%
K 39,000 Kazakhstan
82%
E 503,000 Ethiopia
80%
M 287,000 Mexico
79%
T 360,850 Thailand
75%
D 128,350 Democratic Republic of the Congo
68%
A 172,000 Afghanistan
65%
L 60,000 Lebanon
56%
No matching quizzes found
Score Distribution
Percent of People with Each Score
Percentile by Number Answered
Your Score History
You have not taken this quiz